000
00268nam a22001217a 4500
008
170525b xxu||||| |||| 00| 0 eng d
041
_a
eng
080
_2
3RD
_a
621
100
_a
26
101
_a
IM
245
_a
THEORY OF ELASTICITY
_c
TIMOSHENKO,S.P
942
_2
udc
_c
BK
999
_c
14303
_d
14303